000 00557nam a2200205Ia 4500
005 20250923145528.0
008 008 250917s9999 xx 000 0 eng d
037 _aTextual
040 _aDSWL
_beng
_cDSWL
041 _aeng
_2eng
084 _aR
_qDSWL
100 _aChattopadhyaya, D.
_9836259
245 0 _aIndian atheism : A Marxist analysis
_c by D.Chattopadhyaya
260 _aNew Delhi
_bDelhi Peoples Pub. House
_c1980
300 _a328 p.
365 _aINR
_b45
925 _g45
942 _cTEXL
_hR
999 _c1452493
_d1452493